Proceedings for the Seminar for Arabian Studies.
محفوظ في:
التنسيق: دورية
اللغة: Undetermined
الوصول للمادة أونلاين: Login to view Source
الوسوم: إضافة وسم
لا توجد وسوم, كن أول من يضع وسما على هذه التسجيلة!
رقم الطلب:
| LEADER | 00824nas a2200181Ia 4500 | ||
|---|---|---|---|
| 005 | 20250602141637.0 | ||
| 008 | 240402c99999999xx |||||||||||| ||und|| | ||
| 022 | |a 0308-8421 | ||
| 245 | 0 | 0 | |a Proceedings for the Seminar for Arabian Studies. |
| 336 | |2 rdacontent |a text |b txt | ||
| 337 | |2 rdamedia |a unmediated |b n | ||
| 338 | |2 rdacarrier |a volume |b n | ||
| 362 | 0 | |a 2015- | |
| 500 | |a ARCHJOURNALS | ||
| 500 | |a The Seminar for Arabian Studies is the longest continually running academic forum for the presentation of cultural heritage research on the Arabian Peninsula. Subjects include archaeology, epigraphy, history, ethnography, art, architecture, linguistics, and literature from prehistory to the early twentieth century. | ||
| 856 | 4 | |u https://library.arce.org:8083/ojs/index.php/PSAS/index | |
| 942 | |c EJL |2 lcc | ||
| 999 | |c 57909 |d 57909 | ||
